|
|
|
|
| LEADER |
01544nam a2200373 a 4500 |
| 001 |
AAL4636 |
| 003 |
BD-DhAAL |
| 005 |
20160210172032.0 |
| 008 |
150204s1995 enk b 001 0 eng |
| 010 |
|
|
|a 95006517
|
| 020 |
|
|
|a 0521483050 (hbk.)
|
| 020 |
|
|
|a 0521556678 (pbk.)
|
| 040 |
|
|
|a DLC
|c DLC
|d DLC
|d BD-DhAAL
|
| 050 |
0 |
0 |
|a HD5715.5.G7
|b P7 1995
|
| 082 |
0 |
0 |
|a 331.25/92/0941
|2 20
|
| 999 |
|
|
|c 33581
|d 33581
|
| 999 |
|
|
|c 33581
|
| 100 |
1 |
|
|a Prais, S. J.
|9 7937
|
| 245 |
1 |
0 |
|a Productivity, education, and training :
|b an international perspective /
|c S.J. Prais.
|
| 260 |
|
|
|a Cambridge [England] ;
|a New York :
|b Cambridge University Press,
|c 1995.
|
| 300 |
|
|
|a xiv, 138 p. ;
|c 24 cm.
|
| 490 |
1 |
|
|a Occasional papers / National Institute of Economic and Social Research ;
|v 48
|
| 504 |
|
|
|a Includes bibliographical references (p. 133-134) and index.
|
| 541 |
|
|
|e 4636
|
| 650 |
|
0 |
|a Occupational training
|z Great Britain.
|9 7938
|
| 650 |
|
0 |
|a Vocational education
|z Great Britain.
|9 7939
|
| 650 |
|
0 |
|a Business and education
|z Great Britain.
|9 7940
|
| 650 |
|
0 |
|a Vocational qualifications
|z Great Britain.
|9 7941
|
| 650 |
|
0 |
|a Labor productivity
|z Great Britain.
|9 7942
|
| 650 |
|
0 |
|a Occupational training
|z Europe.
|9 7943
|
| 650 |
|
0 |
|a Vocational education
|z Europe.
|9 7944
|
| 830 |
|
0 |
|a Occasional papers (National Institute of Economic and Social Research) ;
|v 48.
|9 7945
|
| 942 |
|
|
|2 ddc
|c BK
|
| 952 |
|
|
|0 0
|1 0
|2 ddc
|4 0
|6 331_259209410000000_PRA
|7 0
|9 52462
|a SCL
|b SCL
|c GEN
|d 2015-02-04
|l 0
|o 331.25920941 PRA
|p 3020004636
|r 2015-02-04
|t 1
|w 2015-02-04
|y BK
|